[Event "SVK-chT2A 0910"]
[Site "Slovakia"]
[Date "2009.12.12"]
[Round "5.5"]
[White "Szollos, Ondrej"]
[Black "Magyar, Frantisek"]
[Result "1-0"]
[WhiteElo "2088"]
[BlackElo "2018"]
[PlyCount "61"]
[EventDate "2009.10.10"]
[EventType "team"]
[EventRounds "11"]
[EventCountry "SVK"]
[SourceTitle "EXT 2011"]
[Source "ChessBase"]
[SourceDate "2010.11.26"]
[SourceVersion "1"]
[SourceVersionDate "2010.11.26"]
[SourceQuality "1"]

1. e4 e5 2. Nf3 Nc6 3. c3 Nf6 4. Qc2 d6 5. Be2 Be7 6. O-O O-O 7. a3 Nb8 8. d4
Nbd7 9. b4 c6 10. Rd1 Qc7 11. dxe5 dxe5 12. c4 Re8 13. Nbd2 Nf8 14. c5 Ng6 15.
Nc4 Be6 16. Ng5 Bf8 17. Nxe6 Rxe6 18. Be3 h6 19. Rd2 Nf4 20. Bf3 g5 21. h3 Ng6
22. Rad1 Rb8 23. Bg4 Nxg4 24. hxg4 Rbe8 25. Rd7 Qb8 26. R1d3 Be7 27. Na5 Nf8
28. Rxb7 Qa8 29. Qc4 Bd8 30. Qa6 Bxa5 31. Rxa7 1-0

[Event "SVK-chT2C 0910"]
[Site "Slovakia"]
[Date "2009.12.12"]
[Round "5.2"]
[White "Jelen, Peter"]
[Black "Kucera, Juraj"]
[Result "1-0"]
[WhiteElo "2180"]
[BlackElo "2106"]
[PlyCount "55"]
[EventDate "2009.10.10"]
[EventType "team"]
[EventRounds "11"]
[EventCountry "SVK"]
[SourceTitle "EXT 2011"]
[Source "ChessBase"]
[SourceDate "2010.11.26"]
[SourceVersion "1"]
[SourceVersionDate "2010.11.26"]
[SourceQuality "1"]
[WhiteTeam "Liptov Chess School II"]
[BlackTeam "Dolny Kubin"]
[WhiteTeamCountry "SVK"]
[BlackTeamCountry "SVK"]

1. e4 e5 2. Nf3 Nc6 3. c3 Nf6 4. d4 d6 5. Bd3 Be7 6. d5 Nb8 7. c4 Bg4 8. Nc3
O-O 9. h3 Bd7 10. Be3 a5 11. O-O b6 12. Nh2 Na6 13. f4 Ne8 14. Nf3 f6 15. f5 g6
16. Bh6 Rf7 17. Nh4 g5 18. Ng6 Ng7 19. Nxe7+ Qxe7 20. Qg4 Nc5 21. Rad1 Be8 22.
h4 gxh4 23. Qxh4 Nd7 24. Rf3 Nf8 25. g4 Bd7 26. Rd2 Ne8 27. Rg2 Ng6 28. fxg6
1-0

[Event "12. LSS No Engine Cup Preliminary 6"]
[Site "Lechenicher SchachServer"]
[Date "2009.12.11"]
[Round "?"]
[White "Jaszczowski, Zdzislaw"]
[Black "Traczewski, Wojciech"]
[Result "0-1"]
[WhiteElo "755"]
[BlackElo "1382"]
[PlyCount "66"]
[EventDate "2009.12.12"]

1. e4 e5 2. Nf3 Nc6 3. c3 Nf6 4. d4 exd4 5. e5 Ne4 6. cxd4 Bb4+ 7. Nbd2 d5 8.
a3 Bxd2+ 9. Bxd2 Bg4 10. Be3 O-O 11. Be2 f5 12. exf6 Rxf6 13. O-O Qd6 14. Nd2
Bxe2 15. Qxe2 Nxd2 16. Bxd2 Nxd4 17. Qd3 c5 18. f4 Raf8 19. g3 Re8 20. b4 Ne2+
21. Kg2 c4 22. Qf3 Nd4 23. Qg4 Rg6 24. Qh3 Rh6 25. Qg4 Re2+ 26. Rf2 Rxh2+ 27.
Kxh2 Rxf2+ 28. Kh3 Qh6+ 29. Qh4 Qxh4+ 30. Kxh4 Rxd2 31. Kg4 c3 32. Kg5 c2 33.
g4 Rd1 0-1

[Event "Samara-chB"]
[Site "Samara"]
[Date "2009.12.10"]
[Round "5"]
[White "Rumyantsev, Nikolay"]
[Black "Glotov, Dmitry"]
[Result "0-1"]
[WhiteElo "1822"]
[BlackElo "1939"]
[PlyCount "70"]
[EventDate "2009.12.06"]
[EventType "swiss"]
[EventRounds "9"]
[EventCountry "RUS"]
[SourceTitle "EXT 2012"]
[Source "ChessBase"]
[SourceDate "2011.11.24"]
[SourceVersion "1"]
[SourceVersionDate "2011.11.24"]
[SourceQuality "1"]

1. e4 e5 2. Nf3 Nc6 3. c3 d5 4. Qa4 Qd6 5. Ng5 Be7 6. exd5 Bxg5 7. dxc6 bxc6 8.
Na3 Ne7 9. Nc4 Qf6 10. Ne3 Bxe3 11. dxe3 Qg6 12. Bd2 e4 13. h3 O-O 14. Qa5 Nd5
15. c4 Nb6 16. Qe5 Be6 17. b3 Rfd8 18. Qxc7 Qf6 19. Rb1 Rd7 20. Qxc6 Rxd2 21.
Kxd2 Rd8+ 22. Ke2 Bg4+ 23. hxg4 Qxc6 24. f3 Qd6 25. Rb2 exf3+ 26. gxf3 Qd1+ 27.
Kf2 Rd2+ 28. Rxd2 Qxd2+ 29. Kg3 Qxe3 30. Rh2 Qe5+ 31. Kh3 Qc3 32. Rf2 Nd7 33.
Kg2 Ne5 34. Kg3 a5 35. Bg2 Qe1 0-1

[Event "ZN-2009-0-00829"]
[Site "Lechenicher SchachServer"]
[Date "2009.12.08"]
[Round "?"]
[White "Hendershot, Paul"]
[Black "Trevis, Robert"]
[Result "0-1"]
[WhiteElo "549"]
[BlackElo "650"]
[PlyCount "40"]
[EventDate "2009.12.04"]

1. e4 e5 2. Nf3 Nc6 3. c3 d5 4. exd5 Qxd5 5. c4 Qd8 6. d3 Nf6 7. Nbd2 Bf5 8.
Be2 Bxd3 9. Bxd3 Qxd3 10. b3 O-O-O 11. a3 Bc5 12. Rf1 Rhe8 13. Ra2 Nd4 14. Nxd4
exd4+ 15. Ne4 Qc3+ 16. Qd2 Nxe4 17. Kd1 Nxd2 18. Bxd2 Qd3 19. Re1 Qb1+ 20. Bc1
Qxa2 0-1

[Event "Filadelfia op 1st"]
[Site "Filadelfia"]
[Date "2009.12.07"]
[Round "5"]
[White "Costantino, Gregorio"]
[Black "Gugliotta, Domenico Francesco"]
[Result "1-0"]
[WhiteElo "1413"]
[BlackElo "1398"]
[PlyCount "59"]
[EventDate "2009.12.05"]
[EventType "swiss"]
[EventRounds "7"]
[EventCountry "ITA"]
[SourceTitle "EXT 2012"]
[Source "ChessBase"]
[SourceDate "2011.11.24"]
[SourceVersion "1"]
[SourceVersionDate "2011.11.24"]
[SourceQuality "1"]

1. Nf3 Nc6 2. c3 e5 3. e4 d6 4. d3 Bg4 5. Be2 d5 6. Nbd2 Bc5 7. b4 Bb6 8. a4 a6
9. Bb2 f6 10. O-O d4 11. Qc2 Qd7 12. b5 Nce7 13. Nc4 Bc5 14. Na5 O-O-O 15. bxa6
bxa6 16. Qb3 Bb6 17. Nc4 Ba7 18. a5 f5 19. Ncxe5 Qe8 20. Qe6+ Kb8 21. Qxa6 fxe4
22. Ra3 Bc8 23. Rb3+ Ka8 24. Qc4 exf3 25. Bxf3+ c6 26. Nxc6 Bb7 27. Nxd8 Bxf3
28. gxf3 Nf6 29. Qc7 Qxd8 30. Qb7# 1-0

[Event "Samara-chB"]
[Site "Samara"]
[Date "2009.12.07"]
[Round "2"]
[White "Rumyantsev, Nikolay"]
[Black "Belonogov, Alexander"]
[Result "0-1"]
[WhiteElo "1822"]
[BlackElo "2106"]
[PlyCount "38"]
[EventDate "2009.12.06"]
[EventType "swiss"]
[EventRounds "9"]
[EventCountry "RUS"]
[SourceTitle "EXT 2012"]
[Source "ChessBase"]
[SourceDate "2011.11.24"]
[SourceVersion "1"]
[SourceVersionDate "2011.11.24"]
[SourceQuality "1"]

1. e4 e5 2. Nf3 Nc6 3. c3 d5 4. Qa4 dxe4 5. Nxe5 Qd5 6. Bb5 Bd7 7. Nxd7 Kxd7 8.
O-O Bd6 9. f3 Qh5 10. f4 Nf6 11. h3 Rae8 12. Re1 Qh4 13. Qd1 Qxf4 14. d4 Qh2+
15. Kf1 Kc8 16. Be3 Nd5 17. Bg1 Qf4+ 18. Ke2 Qg5 19. Kf1 Qf5+ 0-1

[Event "Let's play chess"]
[Site "http://gameknot.com/chess.pl?"]
[Date "2009.12.07"]
[Round "?"]
[White "eurialo"]
[Black "dorenzevan"]
[Result "1/2-1/2"]
[WhiteElo "2061"]
[BlackElo "2103"]
[PlyCount "89"]
[EventDate "2009.??.??"]
[SourceTitle "OM Portal C 201906"]
[Source "Opening Master"]
[SourceDate "2019.06.27"]
[SourceVersion "1"]
[SourceVersionDate "2019.06.27"]
[SourceQuality "1"]

1. e4 e5 2. Nf3 Nc6 3. c3 Nf6 4. d4 Nxe4 5. d5 Ne7 6. Nxe5 Ng6 7. Qd4 Qf6 8.
Qxe4 Qxe5 9. Qxe5+ Nxe5 10. Bf4 d6 11. Na3 a6 12. O-O-O Be7 13. Re1 Ng6 14. Bg5
Bf5 15. Bxe7 Nxe7 16. Nc2 Kd7 17. Nd4 Bg6 18. h4 h5 19. Bc4 Nc8 20. Bb3 Nb6 21.
Ne2 Bf5 22. Nf4 a5 23. Re3 g6 24. Rhe1 Rhe8 25. Bc2 Bxc2 26. Kxc2 Nc4 27. Re4
Ne5 28. f3 b5 29. b3 a4 30. bxa4 bxa4 31. Rb1 a3 32. Rb5 Reb8 33. Rxb8 Rxb8 34.
Rb4 Ra8 35. c4 Rg8 36. Kc3 Ra8 37. Ne2 Rg8 38. Ng3 Ra8 39. Ne4 Ra6 40. Nd2 Ra7
41. Rb3 Ra4 42. Rb7 Kc8 43. Rb4 Ra6 44. Rb5 Ra8 45. Rb3 1/2-1/2

[Event "HUN-chT 0910"]
[Site "Hungary"]
[Date "2009.12.06"]
[Round "3"]
[White "Fusthy, Zsolt"]
[Black "Emodi, Barnabas"]
[Result "0-1"]
[WhiteElo "2321"]
[BlackElo "2366"]
[PlyCount "74"]
[EventDate "2009.11.08"]
[EventType "team-tourn"]
[EventRounds "11"]
[EventCountry "HUN"]
[SourceTitle "EXT 2011"]
[Source "ChessBase"]
[SourceDate "2010.11.26"]
[SourceVersion "1"]
[SourceVersionDate "2010.11.26"]
[SourceQuality "1"]
[WhiteTeam "MLTC"]
[BlackTeam "Penzugyor"]
[WhiteTeamCountry "HUN"]
[BlackTeamCountry "HUN"]

1. e4 e5 2. Nf3 Nc6 3. c3 g6 4. Bb5 d6 5. d4 Bd7 6. Bg5 Be7 7. Be3 a6 8. Bc4
Na5 9. Bd3 Bf6 10. O-O h6 11. Nbd2 Ne7 12. b4 Nac6 13. d5 Na7 14. c4 Bg7 15. c5
f5 16. Nc4 Bb5 17. cxd6 cxd6 18. Bb6 Qd7 19. Nfd2 fxe4 20. Bxe4 O-O 21. a4 Bxc4
22. Nxc4 Nac8 23. Qd3 Nf5 24. f3 Rb8 25. Bf2 Nce7 26. Nb6 Qd8 27. a5 Nc8 28.
Rac1 Nxb6 29. Bxb6 Qg5 30. Bxf5 gxf5 31. Bc7 Rbc8 32. Rc4 e4 33. fxe4 fxe4 34.
Rxf8+ Rxf8 35. Qxe4 Qd2 36. h4 Be5 37. Qg4+ Kh8 0-1

[Event "Samara-chB"]
[Site "Samara"]
[Date "2009.12.06"]
[Round "1"]
[White "Rumyantsev, Nikolay"]
[Black "Sorochan, Dmitry"]
[Result "0-1"]
[WhiteElo "1822"]
[BlackElo "2057"]
[PlyCount "75"]
[EventDate "2009.12.06"]
[EventType "swiss"]
[EventRounds "9"]
[EventCountry "RUS"]
[SourceTitle "EXT 2012"]
[Source "ChessBase"]
[SourceDate "2011.11.24"]
[SourceVersion "1"]
[SourceVersionDate "2011.11.24"]
[SourceQuality "1"]

1. e4 e5 2. Nf3 Nc6 3. c3 f5 4. d3 Nf6 5. Qa4 Be7 6. Be2 O-O 7. Nbd2 d5 8. O-O
Kh8 9. Re1 a6 10. Bf1 fxe4 11. dxe4 dxe4 12. Nxe4 Nxe4 13. Qxe4 Bf5 14. Qe3 e4
15. Nd4 Nxd4 16. Qxd4 Qxd4 17. cxd4 Bb4 18. Re3 Rad8 19. Rb3 Ba5 20. Be3 Bb6
21. Rc1 Be6 22. Ra3 Rf7 23. Ra4 Bd7 24. Rb4 a5 25. Bc4 Rf5 26. Rb3 a4 27. Rbc3
Bc6 28. Be6 Rff8 29. h4 Bxd4 30. Bxd4 Rxd4 31. b3 Rd2 32. bxa4 Rfxf2 33. Rg3 e3
34. Bh3 Rfe2 35. Rc3 Rxa2 36. Rcxe3 Rxe3 37. Rxe3 Rxa4 38. Rd3 0-1

[Event "FICS rated standard game"]
[Site "FICS freechess.org"]
[Date "2009.12.06"]
[Round "?"]
[White "Kryndon"]
[Black "Lurking"]
[Result "0-1"]
[WhiteElo "2032"]
[BlackElo "2461"]
[PlyCount "55"]
[EventDate "2009.??.??"]
[SourceTitle "OM Portal C 201906"]
[Source "Opening Master"]
[SourceDate "2019.06.27"]
[SourceVersion "1"]
[SourceVersionDate "2019.06.27"]
[SourceQuality "1"]

1. e4 e5 2. Nf3 Nc6 3. c3 Nf6 4. d4 Nxe4 5. d5 Nb8 6. Nxe5 Bd6 7. Qe2 O-O 8.
Qxe4 Bxe5 9. Be3 Re8 10. Qf3 d6 11. Bd3 Qh4 12. h3 Nd7 13. O-O Nf6 14. Nd2 Bg4
15. g3 Qxh3 16. Qg2 Qxg2+ 17. Kxg2 Nxd5 18. Rae1 Bd7 19. Nc4 Nxe3+ 20. Nxe3 g6
21. Nc4 Bf6 22. Ne3 Re5 23. Be2 Kg7 24. Ng4 Rxe2 25. Rxe2 Bxg4 26. f3 Be6 27.
Ra1 h5 28. a3 0-1

[Event "Porec op"]
[Site "Porec"]
[Date "2009.12.05"]
[Round "5"]
[White "Grbac, Boris"]
[Black "Crepan, Marjan"]
[Result "0-1"]
[WhiteElo "2163"]
[BlackElo "2324"]
[PlyCount "67"]
[EventDate "2009.12.03"]
[EventType "swiss"]
[EventRounds "7"]
[EventCountry "CRO"]
[SourceTitle "CBM 133 Extra"]
[Source "ChessBase"]
[SourceDate "2010.01.05"]
[SourceVersion "1"]
[SourceVersionDate "2010.01.05"]
[SourceQuality "1"]

1. e4 e5 2. Nf3 Nc6 3. c3 Nf6 4. d4 exd4 5. e5 Ne4 6. cxd4 d5 7. h3 Bb4+ 8.
Nbd2 Bf5 9. Bb5 O-O 10. O-O Ba5 11. Bxc6 bxc6 12. Nb3 Bb6 13. Be3 Re8 14. Rc1
Re6 15. Nh2 Rg6 16. Qh5 Bd7 17. Nf3 Qc8 18. Kh2 Qa6 19. Nh4 Re6 20. Ra1 Rae8
21. f3 Nd6 22. f4 Rh6 23. Qg5 Ne4 24. Qxh6 gxh6 25. f5 Qe2 26. Rf3 a5 27. Bxh6
a4 28. Nd2 Bxd4 29. Nxe4 Bxe5+ 30. Ng3 a3 31. Re3 Qh5 32. Rxe5 axb2 33. Rxe8+
Bxe8 34. Re1 0-1

[Event "Plzen op 1st"]
[Site "Plzen"]
[Date "2009.12.05"]
[Round "1"]
[White "Szablowski, Pawel"]
[Black "Strzelczyk, Anna"]
[Result "0-1"]
[WhiteElo "2217"]
[BlackElo "1826"]
[PlyCount "64"]
[EventDate "2009.12.05"]
[EventType "swiss"]
[EventRounds "9"]
[EventCountry "CZE"]
[SourceTitle "CBM 133 Extra"]
[Source "ChessBase"]
[SourceDate "2010.01.05"]
[SourceVersion "1"]
[SourceVersionDate "2010.01.05"]
[SourceQuality "1"]

1. e4 e5 2. Nf3 Nc6 3. c3 Nf6 4. d4 Nxe4 5. d5 Bc5 6. dxc6 Bxf2+ 7. Ke2 d5 8.
Nbd2 f5 9. Nxe4 fxe4 10. Kxf2 O-O 11. h4 bxc6 12. Kg1 exf3 13. gxf3 Qf6 14. Bg2
e4 15. f4 Qg6 16. Be3 Bg4 17. Qe1 Rf5 18. Qg3 Qh5 19. Rh2 Rf6 20. Rf1 Raf8 21.
Kh1 Rg6 22. Qf2 Rgf6 23. Qd2 a6 24. b4 Qf5 25. Kg1 Rg6 26. Kf2 Bf3 27. Ke1 Qh5
28. Bxf3 exf3 29. Kd1 Rg2 30. Rf2 Rxh2 31. Kc2 Rxf2 32. Bxf2 Qg4 0-1

[Event "Porec op"]
[Site "Porec"]
[Date "2009.12.04"]
[Round "3"]
[White "Grbac, Boris"]
[Black "Bursic, Elvis"]
[Result "1-0"]
[WhiteElo "2163"]
[BlackElo "2025"]
[PlyCount "37"]
[EventDate "2009.12.03"]
[EventType "swiss"]
[EventRounds "7"]
[EventCountry "CRO"]
[SourceTitle "CBM 133 Extra"]
[Source "ChessBase"]
[SourceDate "2010.01.05"]
[SourceVersion "1"]
[SourceVersionDate "2010.01.05"]
[SourceQuality "1"]

1. e4 e5 2. Nf3 Nc6 3. c3 d6 4. d4 exd4 5. cxd4 Nf6 6. Nc3 Be7 7. Be2 O-O 8.
Be3 d5 9. e5 Ne4 10. O-O Nxc3 11. bxc3 Be6 12. h3 f6 13. Bb5 fxe5 14. Bxc6 bxc6
15. Nxe5 Qd6 16. f4 Bf6 17. f5 Bxe5 18. dxe5 Qxe5 19. Bd4 1-0

[Event "Porec op"]
[Site "Porec"]
[Date "2009.12.03"]
[Round "1"]
[White "Grbac, Boris"]
[Black "Popovic, Mirko"]
[Result "1-0"]
[WhiteElo "2163"]
[BlackElo "1920"]
[PlyCount "77"]
[EventDate "2009.12.03"]
[EventType "swiss"]
[EventRounds "7"]
[EventCountry "CRO"]
[SourceTitle "CBM 133 Extra"]
[Source "ChessBase"]
[SourceDate "2010.01.05"]
[SourceVersion "1"]
[SourceVersionDate "2010.01.05"]
[SourceQuality "1"]

1. e4 e5 2. Nf3 Nc6 3. c3 Nf6 4. d4 exd4 5. e5 Qe7 6. cxd4 d6 7. Bb5 Bd7 8. O-O
dxe5 9. Bxc6 Bxc6 10. Nxe5 Bd5 11. Re1 Be6 12. Nc3 O-O-O 13. Bg5 h6 14. Bh4 Qb4
15. Nf3 g5 16. Bg3 Bd6 17. Ne5 Qa5 18. Qf3 Nd5 19. Nxf7 Bxf7 20. Qxf7 Bxg3 21.
hxg3 Rhf8 22. Qe6+ Kb8 23. Re5 c6 24. Qxh6 Qb4 25. Nxd5 cxd5 26. Re2 Qxd4 27.
Qxg5 Qc4 28. Re7 Qc2 29. Rf7 Rfe8 30. Qg7 Qc6 31. Rd1 d4 32. Re7 Rf8 33. Qe5+
Ka8 34. Rc7 Qb6 35. b3 d3 36. Qc5 Qe6 37. Re7 Qg4 38. f3 Rxf3 39. Qd5 1-0

[Event "Kimry op Nov"]
[Site "Kimry"]
[Date "2009.11.29"]
[Round "8"]
[White "Danilov, Alexander"]
[Black "Markov, Mikhail"]
[Result "1/2-1/2"]
[WhiteElo "1968"]
[BlackElo "2250"]
[PlyCount "41"]
[EventDate "2009.11.21"]
[EventType "swiss"]
[EventRounds "8"]
[EventCountry "RUS"]
[SourceTitle "EXT 2011"]
[Source "ChessBase"]
[SourceDate "2010.11.26"]
[SourceVersion "1"]
[SourceVersionDate "2010.11.26"]
[SourceQuality "1"]

1. e4 e5 2. Nf3 Nc6 3. c3 Nf6 4. Bd3 Bc5 5. Bc2 O-O 6. d4 exd4 7. cxd4 Bb4+ 8.
Bd2 Bxd2+ 9. Qxd2 Re8 10. e5 d6 11. Qg5 dxe5 12. dxe5 Nxe5 13. Nxe5 Qd5 14. f4
Qd4 15. Nc3 Nd7 16. Qf5 Nxe5 17. Qxh7+ Kf8 18. Qh8+ Ke7 19. Qh4+ Kf8 20. Qh8+
Ke7 21. Qh4+ 1/2-1/2

[Event "RN-2009-0-00241"]
[Site "Lechenicher SchachServer"]
[Date "2009.11.29"]
[Round "?"]
[White "Korystin, Pavel"]
[Black "Pehl, Ferenc"]
[Result "0-1"]
[WhiteElo "733"]
[BlackElo "841"]
[PlyCount "64"]
[EventDate "2009.10.28"]

1. Nf3 Nc6 2. e4 e5 3. c3 d5 4. exd5 Qxd5 5. Na3 Bxa3 6. bxa3 Bg4 7. Be2 Nf6 8.
h3 Bh5 9. O-O O-O 10. Rb1 b6 11. c4 Qd6 12. Bb2 Rfe8 13. Nh4 Bxe2 14. Qxe2 g6
15. Rfd1 Nd4 16. Bxd4 exd4 17. Qf3 c5 18. a4 Kg7 19. Re1 Rad8 20. Rxe8 Rxe8 21.
g3 Qe6 22. d3 Qxh3 23. Qg2 Qxg2+ 24. Kxg2 Re2 25. a3 Rd2 26. Rb3 Ng4 27. Kh3
Nxf2+ 28. Kg2 Nxd3+ 29. Kh3 Ne5 30. Rb5 Nxc4 31. Nf3 Rd3 32. Ne1 Rxa3 0-1

[Event "11. LSS No Engine Cup Preliminary 7"]
[Site "Lechenicher SchachServer"]
[Date "2009.11.23"]
[Round "?"]
[White "Segovia, Didier"]
[Black "Lind, Anders"]
[Result "0-1"]
[WhiteElo "476"]
[BlackElo "970"]
[PlyCount "28"]
[EventDate "2009.11.24"]

1. e4 e5 2. Nf3 Nc6 3. c3 Nf6 4. d3 h6 5. h3 Bc5 6. b4 Bb6 7. Ba3 a6 8. Be2 d6
9. O-O O-O 10. Nbd2 Be6 11. Nc4 Ba7 12. Rb1 b5 13. Ne3 Bxa2 14. Rb2 Be6 0-1

[Event "11. LSS No Engine Cup Preliminary 7"]
[Site "Lechenicher SchachServer"]
[Date "2009.11.23"]
[Round "?"]
[White "Segovia, Didier"]
[Black "Van Esbroeck, Jeff"]
[Result "0-1"]
[WhiteElo "476"]
[BlackElo "1420"]
[PlyCount "34"]
[EventDate "2009.11.24"]

1. e4 e5 2. Nf3 Nc6 3. c3 Nf6 4. d3 Be7 5. g3 d6 6. Bg2 Bg4 7. O-O O-O 8. b4 b5
9. Na3 a6 10. Qe1 Bxf3 11. Bxf3 Qd7 12. Qe2 Rad8 13. Rd1 d5 14. exd5 Nxd5 15.
Bxd5 Qxd5 16. Bb2 Qe6 17. Kg2 Qd5+ 0-1

[Event "CZE-chT2F 0910"]
[Site "Czechia"]
[Date "2009.11.22"]
[Round "3.6"]
[White "Opravil, Karel"]
[Black "Vitasek, Jan"]
[Result "1-0"]
[WhiteElo "2078"]
[BlackElo "2053"]
[PlyCount "139"]
[EventDate "2009.10.18"]
[EventType "team-tourn"]
[EventRounds "11"]
[EventCountry "CZE"]
[SourceTitle "EXT 2012"]
[Source "ChessBase"]
[SourceDate "2011.11.24"]
[SourceVersion "1"]
[SourceVersionDate "2011.11.24"]
[SourceQuality "1"]
[WhiteTeam "Sumperk"]
[BlackTeam "Benesov"]
[WhiteTeamCountry "CZE"]
[BlackTeamCountry "CZE"]

1. e4 e5 2. Nf3 Nc6 3. c3 Be7 4. d4 d6 5. Bb5 Bd7 6. d5 Nb8 7. Bxd7+ Nxd7 8. c4
Ngf6 9. Nc3 O-O 10. O-O Nc5 11. Qc2 h6 12. Be3 Ncd7 13. b4 Ng4 14. Bd2 c6 15.
h3 Ngf6 16. Rfc1 Nb6 17. Qd3 Rc8 18. Ne2 cxd5 19. cxd5 Qd7 20. Ng3 Kh8 21. Nh2
Rxc1+ 22. Rxc1 Rc8 23. Rxc8+ Qxc8 24. Nf5 Bf8 25. Ng4 Nbxd5 26. exd5 e4 27. Qb5
Qxf5 28. Nxf6 Qxf6 29. Qxb7 Qa1+ 30. Kh2 Qe5+ 31. g3 f5 32. Qf7 Be7 33. Bf4 Qb2
34. Be3 Bf6 35. Qf8+ Kh7 36. Qxd6 Bg5 37. Qc5 Qf6 38. Bxg5 hxg5 39. d6 f4 40.
d7 e3 41. Qc2+ Kh6 42. fxe3 fxg3+ 43. Kg2 Qd6 44. Qc8 Qd2+ 45. Kf3 Qf2+ 46. Ke4
g2 47. d8=Q g1=Q 48. Qh8+ Kg6 49. Qhe8+ Kh6 50. Qce6+ Qf6 51. Qh8+ Kg6 52.
Qee8+ Qf7 53. Qh5+ Kxh5 54. Qxf7+ Kh6 55. Qe6+ Kh7 56. Kd4 Qc1 57. e4 Qd2+ 58.
Kc5 Qe3+ 59. Kb5 Qd3+ 60. Ka4 Qd1+ 61. Ka5 Qd8+ 62. Ka6 Qd3+ 63. b5 Qd4 64. Kb7
Qa4 65. Qd5 Qa3 66. e5 Qxh3 67. e6 Qe3 68. Qd7 Kg6 69. e7 Qe4+ 70. Qc6+ 1-0

[Event "HUN-chT2 Breyer 0910"]
[Site "Hungary"]
[Date "2009.11.22"]
[Round "2"]
[White "Szinavel, Zsolt"]
[Black "Zalan, Janos"]
[Result "1-0"]
[WhiteElo "2145"]
[BlackElo "2025"]
[PlyCount "113"]
[EventDate "2009.11.08"]
[EventType "team-tourn"]
[EventRounds "11"]
[EventCountry "HUN"]
[SourceTitle "EXT 2011"]
[Source "ChessBase"]
[SourceDate "2010.11.26"]
[SourceVersion "1"]
[SourceVersionDate "2010.11.26"]
[SourceQuality "1"]
[WhiteTeam "Kisber Aszar"]
[BlackTeam "Gyor Komszomol"]
[WhiteTeamCountry "HUN"]
[BlackTeamCountry "HUN"]

1. e4 e5 2. Nf3 Nc6 3. c3 d5 4. Qa4 Nf6 5. Nxe5 dxe4 6. Bb5 Bd7 7. Nxc6 bxc6 8.
Bxc6 Bd6 9. Bxd7+ Qxd7 10. Qxd7+ Kxd7 11. h3 Rhe8 12. Kd1 Re6 13. Rf1 Rae8 14.
c4 Bc5 15. Nc3 Rd6 16. Kc2 c6 17. b3 Kc7 18. Bb2 Nd7 19. Na4 Bd4 20. Rad1 Ne5
21. Bxd4 Rxd4 22. Nb2 Red8 23. Rfe1 f6 24. Re3 R8d7 25. d3 exd3+ 26. Nxd3 Ng6
27. g3 c5 28. Nb2 Rxd1 29. Nxd1 Ne5 30. f4 Nc6 31. Nc3 Nd4+ 32. Kb2 Nf5 33. Rf3
Rd2+ 34. Kc1 Rg2 35. g4 Nd4 36. Re3 Kd6 37. Rd3 Kc6 38. Re3 Kd6 39. Ne4+ Kc6
40. Nc3 Kd6 41. Kb1 Rg1+ 42. Kb2 Rg2+ 43. Kc1 Rg1+ 44. Kd2 Rg2+ 45. Kd3 a6 46.
f5 Rh2 47. b4 Nc2 48. Re6+ Kd7 49. bxc5 Nb4+ 50. Kd4 Rxh3 51. Rd6+ Ke8 52. Nd5
Nc2+ 53. Ke4 Rg3 54. c6 Rxg4+ 55. Kd3 Na3 56. c7 Rxc4 57. Rd8+ 1-0

[Event "HUN-chT2 Maroczy 0910"]
[Site "Hungary"]
[Date "2009.11.22"]
[Round "2"]
[White "Papp Zoltan, Csaba"]
[Black "Linczer, Janos"]
[Result "1-0"]
[WhiteElo "2318"]
[BlackElo "2244"]
[PlyCount "57"]
[EventDate "2009.11.08"]
[EventType "team-tourn"]
[EventRounds "11"]
[EventCountry "HUN"]
[SourceTitle "EXT 2011"]
[Source "ChessBase"]
[SourceDate "2010.11.26"]
[SourceVersion "1"]
[SourceVersionDate "2010.11.26"]
[SourceQuality "1"]
[WhiteTeam "Fenstherm"]
[BlackTeam "Maroczy"]
[WhiteTeamCountry "HUN"]
[BlackTeamCountry "HUN"]

1. e4 e5 2. Nf3 Nc6 3. c3 Be7 4. d4 d6 5. Bb5 Bd7 6. Bc4 Na5 7. Bd3 Bf6 8. Be3
Ne7 9. h3 Ng6 10. g3 h5 11. Nbd2 b6 12. h4 c5 13. dxc5 dxc5 14. Nc4 Nxc4 15.
Bxc4 O-O 16. Ng5 Bg4 17. Qb3 Qd7 18. Be2 Bxg5 19. hxg5 Bxe2 20. Kxe2 Qg4+ 21.
f3 Qxg3 22. Rag1 Nf4+ 23. Bxf4 Qxf4 24. Rxh5 Rad8 25. Qc2 f5 26. g6 Rf6 27. Rd1
Rc8 28. Qb3+ c4 29. Qxc4+ 1-0

[Event "Piestany Pressburg op"]
[Site "Piestany"]
[Date "2009.11.21"]
[Round "5"]
[White "Bezuch, Martin"]
[Black "Sosovicka, Juraj"]
[Result "1/2-1/2"]
[WhiteElo "2196"]
[BlackElo "2085"]
[PlyCount "24"]
[EventDate "2009.11.17"]
[EventType "swiss"]
[EventRounds "7"]
[EventCountry "SVK"]
[SourceTitle "CBM 133 Extra"]
[Source "ChessBase"]
[SourceDate "2010.01.05"]
[SourceVersion "1"]
[SourceVersionDate "2010.01.05"]
[SourceQuality "1"]

1. e4 e5 2. Nf3 Nc6 3. c3 Nf6 4. d4 Nxe4 5. d5 Ne7 6. Nxe5 Ng6 7. Qd4 Qf6 8.
Qxe4 Qxe5 9. Qxe5+ Nxe5 10. Bf4 d6 11. Nd2 Be7 12. Nc4 Nxc4 1/2-1/2

[Event "Wch U16"]
[Site "Kemer"]
[Date "2009.11.20"]
[Round "9"]
[White "Uzun, Sarp"]
[Black "Saeed, Ishaq"]
[Result "1-0"]
[WhiteElo "1953"]
[BlackElo "2271"]
[PlyCount "81"]
[EventDate "2009.11.12"]
[EventType "swiss"]
[EventRounds "11"]
[EventCountry "TUR"]
[SourceTitle "EXT 2010"]
[Source "ChessBase"]
[SourceDate "2009.11.30"]
[SourceVersion "1"]
[SourceVersionDate "2009.11.30"]
[SourceQuality "1"]

1. e4 e5 2. Nf3 Nc6 3. c3 d5 4. Qa4 Bd7 5. exd5 Nd4 6. Qd1 Nxf3+ 7. Qxf3 Nf6 8.
Bc4 Be7 9. d3 O-O 10. O-O Bd6 11. Bg5 h6 12. Bh4 g5 13. Bg3 Ne8 14. Qe2 f5 15.
Bxe5 Bxe5 16. Qxe5 Nd6 17. f4 Re8 18. Qd4 Re2 19. Rf2 Re1+ 20. Rf1 Re2 21. Na3
Rxb2 22. Rae1 gxf4 23. Qxf4 Qf6 24. Bb3 Kh7 25. Qc1 Rxb3 26. axb3 Rg8 27. Qd2
Nf7 28. Nc4 b5 29. Ne3 Qg5 30. Qf2 Ne5 31. Rd1 Rg6 32. Qf4 Qf6 33. d4 Nf7 34.
Qxc7 Qe7 35. Nxf5 Qe2 36. Ng3 Qe3+ 37. Kh1 Be8 38. Rde1 Qd3 39. Rxe8 Kg7 40.
Re7 Rxg3 41. Rfxf7+ 1-0

[Event "Wch U12 Girls"]
[Site "Kemer"]
[Date "2009.11.20"]
[Round "9"]
[White "Bitalzadeh, Mahsa"]
[Black "Khademalsharieh, Sarasadat"]
[Result "0-1"]
[WhiteElo "1783"]
[BlackElo "2018"]
[PlyCount "46"]
[EventDate "2009.11.12"]
[EventType "swiss"]
[EventRounds "11"]
[EventCountry "TUR"]
[SourceTitle "EXT 2010"]
[Source "ChessBase"]
[SourceDate "2009.11.30"]
[SourceVersion "1"]
[SourceVersionDate "2009.11.30"]
[SourceQuality "1"]

1. e4 e5 2. Nf3 Nc6 3. c3 d5 4. Qa4 Nf6 5. exd5 Qxd5 6. Bc4 Qe4+ 7. Kd1 Bg4 8.
Re1 Bxf3+ 9. gxf3 Qxf3+ 10. Kc2 Bd6 11. d4 O-O 12. Nd2 Qxf2 13. Re2 Qf5+ 14.
Bd3 Qd7 15. Kb1 exd4 16. cxd4 Rfe8 17. Ne4 Nxe4 18. Bxe4 Qg4 19. Qc2 Nxd4 20.
Bxh7+ Kh8 21. Rxe8+ Rxe8 22. Qd3 g6 23. h3 Qe4 0-1